Normal view
MARC view
Entry Personal Name
001 - CONTROL NUMBER
- control field: 62802
003 - CONTROL NUMBER IDENTIFIER
- control field: dpl
005 - DATE AND TIME OF LATEST TRANSACTION
- control field: 20240305142048.0
008 - FIXED-LENGTH DATA ELEMENTS
- fixed length control field: 240305|| aca||aabn | a|a d
040 ## - CATALOGING SOURCE
- Original cataloging agency: dpl
- Transcribing agency: dpl
100 ## - HEADING--PERSONAL NAME
- Personal name: Atanu Naskar
670 ## - SOURCE DATA FOUND
- Source citation: Work cat.: (dpl)201225: Banerjee, Dhriti 62800, Funal diversity of satkosia and baisipalli wildlife sanctuaries, satkosia tiger reserve/, 2022
